| 000 | 00478nam a2200181 4500 | ||
|---|---|---|---|
| 005 | 20260505164935.0 | ||
| 008 | 260505b |||||||| |||| 00| 0 eng d | ||
| 020 |
_a9780194372152 _qpbk |
||
| 041 | _aeng | ||
| 082 | _a401.93 ELL | ||
| 100 | _aEllis,Rod | ||
| 245 |
_aSLA Research and Language Teaching _cRod Ellis |
||
| 260 |
_aNew York _bOxford University Press _c1997 |
||
| 300 |
_a280p. : _c22cm. |
||
| 504 | _aindex | ||
| 650 | _aPhilosophy & theory | ||
| 942 | _cENGLISH | ||
| 999 |
_c622589 _d622589 |
||